000 00498nam a2200169 a 4500
001 1313
005 20140414131922.0
008 030415s19uu xx 00 eng d
020 _a0-85953-356-5
050 _aER
_bW11 1995
245 _aWar and peace /
_cillustrated by Toni Goffe.
260 _aNew York :
_bChild's Play,
_c1995.
300 _a1 v. p. : ill. ; cm.
440 _aBully for you
520 _aIf we want peace, it has to start with each one of us. War is silly.
999 _c111822
_d111822